Estadísticas para Municipios de la provincia de Guadalajara

Haz click aquí para intentar la prueba.

Estadísticas generales

  • Esta prueba ha sido intentada 403 veces
  • La puntuación promedio es 70 de 288

Estadísticas de respuestas

Respuesta% Correcto
Guadalajara
87%
Azuqueca de Henares
84%
Sigüenza
81%
Cabanillas del Campo
71%
Marchamalo
70%
Alovera
69%
Molina de Aragón
68%
Brihuega
67%
Torija
66%
Yunquera de Henares
62%
Sacedón
61%
Pastrana
57%
El Casar
56%
Horche
56%
Humanes
55%
Jadraque
55%
Chiloeches
54%
Fontanar
53%
Hita
53%
Atienza
51%
Cifuentes
50%
Trillo
49%
Yebes
49%
Uceda
47%
Cogolludo
46%
Pioz
44%
Mondéjar
43%
Torre del Burgo
43%
Torrejón del Rey
43%
Lupiana
41%
Villanueva de la Torre
41%
Tendilla
40%
Mohernando
39%
Valverde de los Arroyos
39%
Alcolea del Pinar
38%
Aranzueque
38%
Budia
38%
Pozo de Guadalajara
38%
Tórtola de Henares
38%
Quer
37%
Trijueque
37%
Almoguera
36%
Almonacid de Zorita
36%
Albalate de Zorita
35%
Zorita de los Canes
35%
Majaelrayo
34%
Armuña de Tajuña
33%
Muduex
33%
Valdeaveruelo
33%
Yebra
33%
Alcocer
32%
Campillo de Ranas
32%
Checa
32%
Galápagos
32%
Málaga del Fresno
32%
Peñalver
32%
Peralejos de las Truchas
32%
Tamajón
32%
Alhóndiga
31%
El Cubillo de Uceda
31%
Fuentelencina
31%
Malaguilla
31%
Romanones
31%
Zaorejas
31%
Espinosa de Henares
30%
Hiendelaencina
29%
Hueva
29%
Loranca de Tajuña
29%
Maranchón
29%
Pareja
29%
Yélamos de Abajo
29%
Yélamos de Arriba
29%
Atanzón
28%
Ciruelas
28%
Condemios de Arriba
28%
Pozo de Almoguera
28%
Condemios de Abajo
27%
Auñón
26%
Cantalojas
26%
Centenera
26%
Chequilla
26%
Driebes
26%
Fuentenovilla
26%
Hontoba
26%
Illana
26%
Abánades
25%
Albares
25%
Arbancón
25%
Embid
25%
Escopete
25%
Ledanca
25%
Mazuecos
25%
Miralrío
25%
Orea
25%
Valdeavellano
25%
Alarilla
24%
Anguita
24%
Corduente
24%
Durón
24%
Torremocha del Campo
24%
Campisábalos
23%
Cobeta
23%
Escariche
23%
Gajanejos
23%
Valdeconcha
23%
Valfermoso de Tajuña
23%
Ablanque
22%
Aldeanueva de Guadalajara
22%
Casas de San Galindo
22%
El Olivar
22%
Galve de Sorbe
22%
Mandayona
22%
Mazarete
22%
Membrillera
22%
Salmerón
22%
San Andrés del Congosto
22%
Solanillos del Extremo
22%
Alocén
21%
Bustares
21%
Canredondo
21%
Caspueñas
21%
Matarrubia
21%
Montarrón
21%
Berninches
20%
Casa de Uceda
20%
Congostrina
20%
Fuencemillán
20%
Fuentelviejo
20%
Herrería
20%
La Mierla
20%
Las Inviernas
20%
Mirabueno
20%
Moratilla de los Meleros
20%
Poveda de la Sierra
20%
Puebla de Beleña
20%
Renera
20%
Rillo de Gallo
20%
Robledillo de Mohernando
20%
Somolinos
20%
Taragudo
20%
Alcolea de las Peñas
19%
Argecilla
19%
Baides
19%
Cañizar
19%
Chillarón del Rey
19%
El Pedregal
19%
Fuentelahiguera de Albatages
19%
Henche
19%
Heras de Ayuso
19%
Irueste
19%
La Toba
19%
Millana
19%
Ocentejo
19%
Peñalén
19%
Puebla de Valles
19%
Riba de Saelices
19%
Sayatón
19%
Torrecuadradilla
19%
Torremocha del Pinar
19%
Tortuera
19%
Utande
19%
Albendiego
18%
Barriopedro
18%
Bujalaro
18%
Campillo de Dueñas
18%
Cogollor
18%
Fuentelsaz
18%
Milmarcos
18%
Olmeda de Cobeta
18%
Saelices de la Sal
18%
Tortuero
18%
Valdearenas
18%
Zarzuela de Jadraque
18%
Alaminos
17%
Alcoroches
17%
Alustante
17%
Anquela del Ducado
17%
Armallones
17%
Castilforte
17%
Cendejas de Enmedio
17%
Cendejas de la Torre
17%
Copernal
17%
El Pobo de Dueñas
17%
El Recuenco
17%
Las Navas de Jadraque
17%
La Yunta
17%
Luzaga
17%
Luzón
17%
Masegoso de Tajuña
17%
Miedes de Atienza
17%
Monasterio
17%
Peralveche
17%
Pinilla de Jadraque
17%
Sacecorbo
17%
San Andrés del Rey
17%
Selas
17%
Setiles
17%
Taravilla
17%
Torrubia
17%
Valdenuño Fernández
17%
Valhermoso
17%
Villaseca de Henares
17%
Villaseca de Uceda
17%
Viñuelas
17%
Adobes
16%
Alique
16%
Castejón de Henares
16%
Castilnuevo
16%
Cincovillas
16%
Iniéstola
16%
Jirueque
16%
Matillas
16%
Medranda
16%
Pinilla de Molina
16%
Piqueras
16%
Rueda de la Sierra
16%
Santiuste
16%
Semillas
16%
Villares de Jadraque
16%
Algora
15%
Anquela del Pedregal
15%
Arroyo de las Fraguas
15%
Castellar de la Muela
15%
Ciruelos del Pinar
15%
Huérmeces del Cerro
15%
Huertahernando
15%
La Huerce
15%
La Miñosa
15%
Megina
15%
Pálmaces de Jadraque
15%
Saúca
15%
Sotodosos
15%
Torrecuadrada de Molina
15%
Torremocha de Jadraque
15%
Valdarachas
15%
Valdegrudas
15%
Villel de Mesa
15%
Angón
14%
El Cardoso de la Sierra
14%
El Sotillo
14%
Escamilla
14%
Establés
14%
Gascueña de Bornova
14%
Hombrados
14%
Mantiel
14%
Mochales
14%
Morenilla
14%
Negredo
14%
Prádena de Atienza
14%
Prados Redondos
14%
Retiendas
14%
Robledo de Corpes
14%
Tartanedo
14%
Terzaga
14%
Tordesilos
14%
Torremochuela
14%
Valdepeñas de la Sierra
14%
Viana de Jadraque
14%
Algar de Mesa
13%
Arbeteta
13%
Pardos
13%
Paredes de Sigüenza
13%
Riofrío del Llano
13%
Sienes
13%
Traíd
13%
Valdelcubo
13%
Baños de Tajo
12%
Bañuelos
12%
Hijes
12%
La Olmeda de Jadraque
12%
Rebollosa de Jadraque
12%
Ujados
12%
Valtablado del Río
12%
Villanueva de Alarcón
12%
El Ordial
11%
Estriégana
11%
Fuembellida
11%
Hortezuela de Océn
11%
La Bodera
11%
Romanillos de Atienza
11%
Tierzo
11%
Villanueva de Argecilla
11%
Alimadrones
10%
Esplegares
10%
Tordellego
10%
Valderrebollo
10%
Valdesotos
10%
Tordelrábano
8%

Distribución de puntuación

Porcentaje por número respondido

Porcentaje de gente con cada puntuación

Historial de tus puntuaciones

No has intentado esta prueba.